| 000 | 00802nam a2200181 4500 | ||
|---|---|---|---|
| 999 |
_c63820 _d63820 |
||
| 003 | Ge_BSU | ||
| 005 | 20260127212015.0 | ||
| 008 | 260127b xxu||||| |||| 00| 0 geo d | ||
| 041 | _ageo | ||
| 080 | _a330.1(075.32) გ-74 | ||
| 100 |
_aგოშაძე, გ. _93113 |
||
| 245 |
_aპოლიტიკური ეკონომია : _b(კაპიტალისტური წარმოების წესი) / _c გ. გოშაძე, თ.დემეტრაშვილი. |
||
| 264 |
_aთბილისი : _bგანათლება, _c1975. |
||
| 300 |
_a277 გვ. _b21 სმ. |
||
| 653 | _aპოლიტიკური ეკონომია | ||
| 700 |
_aდემეტრაშვილი, თ. _eავტორი _96726 |
||
| 942 |
_2udc _cᲬᲘᲒᲜᲘ |
||